000 01127nam0a22002531 4500
001 rc\2769831
005 20250806204239.0
035 _a(NLR Aleph) 006896222
090 _a18791
_c18791
100 _a20110915d1941 u y0rusy50 ca
101 0 _arus
102 _aRU
105 _ay z |||||
200 1 _aИнструкция по учету перехода с дороги на дорогу товарных вагонов, грузов, и положение об учетном бюро станций перехода вагонов
_fСССР. НКПС. Отдел стат. учета и отчетности
210 _aМосква
_cТрансжелдориздат
_d1941
215 _a38, [2] с.
_d21 см.
710 0 1 _aСССР
_bНародный ком. путей сообщения
_bЦентральный отдел статистического учета и отчетности
801 0 _aRU
_bNLR
_gpsbo
801 1 _aRU
_bELAR
_2rusmarc
852 _aNLR
_jЭк90 Г-4/15
942 _cBOOK
945 _aРоссийская национальная библиотека
980 _aNB
980 _aBV